Combien de reines et impératrices de France pouvez-vous nommer ? - Statistiques

Statistiques générales
  • Ce quiz a été pris 32 fois
  • Le résultat moyen est 22 sur 53
Statistiques - réponses
Hint Réponse % Correct
Henri II Catherine de Médicis
89%
Louis XVI Marie-Antoinette d'Autriche
89%
Louis XIII Anne d'Autriche
83%
Louis VII Aliénor d'Aquitaine
78%
Napoléon III Eugénie de Montijo
78%
Napoléon Ier Joséphine de Beauharnais
78%
Charles VIII Anne de Bretagne
67%
Louis XII Anne de Bretagne
67%
Louis VIII Blanche de Castille
67%
Henri IV Marie de Médicis
61%
François Ier Claude de France
56%
Henri IV Marguerite de France
56%
Louis XIV Marie Thérèse d'Autriche
56%
Napoléon Ier Marie-Louise d'Autriche
50%
François II Marie Stuart
50%
Charles VI Isabeau de Bavière
44%
Philippe V Jeanne de Bourgogne
44%
Philippe VI Jeanne de Bourgogne
44%
Henri Ier Anne de Kiev
39%
Louis X Clémence de Hongrie
39%
Philippe III Isabelle d'Aragon
39%
Louis-Philippe Ier Marie-Amélie de Bourbon-Siciles
39%
Louis XII Marie d'Angleterre
39%
Louis XV Marie Leszczyńska
39%
Louis VI Adélaïde de Savoie
33%
Louis VII Adèle de Champagne
33%
Charles IV Blanche de Bourgogne
33%
Philippe VI Blanche de Navarre
33%
Louis XI Charlotte de Savoie
33%
Louis XII Jeanne de France
33%
Philippe IV le Bel Jeanne de Navarre
33%
Louis X Marguerite de Bourgogne
33%
Philippe Auguste Agnès de Méranie
28%
Philippe Ier Berthe de Hollande
28%
Philippe Ier Bertrade de Montfort
28%
Robert II Constance d'Arles
28%
Louis VII Constance de Castille
28%
Charles IX Élisabeth d'Autriche
28%
Philippe Auguste Ingeburge de Danemark
28%
Philippe Auguste Isabelle de Hainaut
28%
Charles IV Jeanne d'Évreux
28%
Saint Louis Marguerite de Provence
28%
Philippe III Marie de Brabant
28%
Charles IV Marie de Luxembourg
28%
Robert II Rozala d'Italie
28%
Hugues Capet Adélaïde d'Aquitaine
22%
Robert II Berthe de Bourgogne
22%
François Ier Éléonore de Habsbourg
22%
Jean II le Bon Jeanne d'Auvergne
22%
Charles V Jeanne de Bourbon
22%
Henri III Louise de Lorraine-Vaudémont
22%
Charles VII Marie d'Anjou
22%
Henri Ier Mathilde de Frise
22%
Aucun quiz correspondant
Distribution des résultats
% des personnes avec chaque résultat
Percentile par nombre de réponses
Votre historique - résultats
Vous n’avez pas pris ce quiz